<?xml version="1.0" encoding="UTF-8"?>
<record
    xmlns:xsi="http://www.w3.org/2001/XMLSchema-instance"
    xsi:schemaLocation="http://www.loc.gov/MARC21/slim http://www.loc.gov/standards/marcxml/schema/MARC21slim.xsd"
    xmlns="http://www.loc.gov/MARC21/slim">

  <leader>01088nam a2200229   4500</leader>
  <controlfield tag="005">20210526103248.0</controlfield>
  <controlfield tag="008">210526b           spa |||| |||| 00| 0 eng d</controlfield>
  <datafield tag="020" ind1=" " ind2=" ">
    <subfield code="a">8484892441 (Iberoamericana)</subfield>
  </datafield>
  <datafield tag="020" ind1=" " ind2=" ">
    <subfield code="a">3865272568 (Vervuert)</subfield>
  </datafield>
  <datafield tag="050" ind1="0" ind2="4">
    <subfield code="a">F1414 .2 </subfield>
    <subfield code="b">C35 2006</subfield>
  </datafield>
  <datafield tag="245" ind1="0" ind2="0">
    <subfield code="a">Cartograf&#xED;as y estrategias de la "postmodernidad" y la "postcolonialidad" en Latinoam&#xE9;rica :.</subfield>
    <subfield code="b">"hibridez" y "globalizaci&#xF3;n" </subfield>
    <subfield code="c">/ |Alfonso de Toro (ed.)</subfield>
  </datafield>
  <datafield tag="250" ind1=" " ind2=" ">
    <subfield code="a">1a ed. </subfield>
  </datafield>
  <datafield tag="260" ind1=" " ind2=" ">
    <subfield code="a">Madrid : </subfield>
    <subfield code="a">Frankfurt am Main : </subfield>
    <subfield code="b">Iberoamericana ; </subfield>
    <subfield code="b">Vervuert,</subfield>
    <subfield code="c">2006.</subfield>
  </datafield>
  <datafield tag="300" ind1=" " ind2=" ">
    <subfield code="a"> 532 p. ;</subfield>
    <subfield code="c">23 cm.</subfield>
  </datafield>
  <datafield tag="490" ind1=" " ind2=" ">
    <subfield code="a">Teor&#xED;a y cr&#xED;tica de la cultura y literatura = Theorie und kritik der kultur und literatur = Theory and criticism of culture and literature ;</subfield>
    <subfield code="v">32</subfield>
  </datafield>
  <datafield tag="500" ind1=" " ind2=" ">
    <subfield code="a">Texto principalmente en espa&#xF1;ol con art&#xED;culos en ingl&#xE9;s y portugu&#xE9;s.</subfield>
  </datafield>
  <datafield tag="650" ind1=" " ind2="7">
    <subfield code="2">lemb </subfield>
    <subfield code="a">Cultura y globalizaci&#xF3;n </subfield>
    <subfield code="z">Am&#xE9;rica Latina</subfield>
  </datafield>
  <datafield tag="650" ind1=" " ind2="7">
    <subfield code="2">lemb</subfield>
    <subfield code="a">Posmodernismo</subfield>
    <subfield code="z">Am&#xE9;rica Latina</subfield>
  </datafield>
  <datafield tag="651" ind1=" " ind2="7">
    <subfield code="2">lemb </subfield>
    <subfield code="a">Am&#xE9;rica Latina</subfield>
    <subfield code="x">Civilizaci&#xF3;n </subfield>
    <subfield code="x">Filosof&#xED;a.</subfield>
    <subfield code="y">Siglo XX </subfield>
  </datafield>
  <datafield tag="700" ind1="1" ind2=" ">
    <subfield code="a">Toro, Alfonso de.</subfield>
    <subfield code="e">ed. </subfield>
  </datafield>
  <datafield tag="942" ind1=" " ind2=" ">
    <subfield code="2">lcc</subfield>
    <subfield code="c">LIB</subfield>
  </datafield>
  <datafield tag="999" ind1=" " ind2=" ">
    <subfield code="c">155869</subfield>
    <subfield code="d">155867</subfield>
  </datafield>
  <datafield tag="952" ind1=" " ind2=" ">
    <subfield code="1">0</subfield>
    <subfield code="2">lcc</subfield>
    <subfield code="4">0</subfield>
    <subfield code="7">0</subfield>
    <subfield code="a">INV-033</subfield>
    <subfield code="b">INV-033</subfield>
    <subfield code="c">GENERAL</subfield>
    <subfield code="d">2021-05-26</subfield>
    <subfield code="f">1a ed. </subfield>
    <subfield code="k">EH</subfield>
    <subfield code="l">0</subfield>
    <subfield code="o">F1414 .2 C35 2006</subfield>
    <subfield code="p">IIH000029178</subfield>
    <subfield code="r">2021-05-26 00:00:00</subfield>
    <subfield code="t">C:1</subfield>
    <subfield code="y">LIB</subfield>
  </datafield>
</record>
